Dwarf Planets - Statistics

General Stats
  • This quiz has been taken 504 times
  • The average score is 5 of 11
Answer Stats
discovered Answer % Correct
1930 Pluto
98%
1801 Ceres
85%
2005 Eris
76%
2005 Makemake
76%
2004 Haumea
62%
2003 Sedna
44%
2007 Gonggong
32%
2002 Quaoar
32%
2004 Orcus
31%
1849 Hygiea
7%
2020 FY30
3%
No matching quizzes found
Score Distribution
Percent of People with Each Score
Percentile by Number Answered
Your Score History
You have not taken this quiz